| 000 | 00945nam a2200313 c 4500 | ||
|---|---|---|---|
| 001 | 58216 | ||
| 003 | CO-BoRNBP | ||
| 005 | 20250820200004.0 | ||
| 007 | ta | ||
| 008 | 141031s2011 sp er 000 f spa d | ||
| 020 | _a9788420638508 | ||
| 040 |
_aCO-BoRNBP _bspa _erda _cCO-BoRNBP |
||
| 041 | 0 | _aspa | |
| 043 | _anwcu--- | ||
| 084 | _aN | ||
| 100 | 1 |
_aCarpentier, Alejo, _d1904-1980 _eaut _953909 |
|
| 245 | 1 | 4 |
_aLos pasos perdidos / _cAlejo Carpentier. |
| 250 | _aPrimera edición | ||
| 264 | 1 |
_aMadrid, España : _bAlianza Editorial, _c2011 |
|
| 300 | _a284 páginas | ||
| 336 |
_atexto _btxt _2rdacontent |
||
| 337 |
_asin mediación _bn _2rdamedia |
||
| 338 |
_avolumen _bnc _2rdacarrier |
||
| 521 | 1 | _aRecomendado para un público mayor de 15 años | |
| 650 | 0 | 4 |
_aLiteratura cubana _ysiglo xx _2LEMB _92663 |
| 650 | 0 | 7 |
_aNaturaleza en la literatura _2lemb _91606 |
| 650 | 0 | 4 |
_aNovela cubana _ysiglo xx _2LEMB _962685 |
| 942 |
_2loc _cBKLIT |
||
| 999 |
_c58216 _d58216 |
||